| 000 | 01138nam a2200349 4500 | ||
|---|---|---|---|
| 001 | 22841 | ||
| 003 | SK-KTurca | ||
| 005 | 20260429130309.0 | ||
| 008 | 221124s2022 xo d 000 fdslo d | ||
| 020 |
_a9788056910078 _q(viazané) |
||
| 035 | _aa000713825 | ||
| 040 |
_aTTKJF _bslo _cTTKJF _dUKB _erda |
||
| 041 | 0 | _aslo | |
| 044 |
_axo _cSK |
||
| 072 | 7 |
_a821.162.4-3 _xSlovenská próza _2konspekt |
|
| 080 |
_a821.162.4-31 _22011 |
||
| 080 |
_a(0:82-31)-055.2 _22011 |
||
| 100 | 1 |
_aOpremčáková, Števa, _d1957- _4aut |
|
| 245 | 1 | 0 |
_aUž zase umieram _cŠteva Opremčáková |
| 250 | _aPrvé vydanie | ||
| 264 | 1 |
_aBratislava _bMarenčin PT _c2022 |
|
| 300 |
_a223 strán _c21 cm |
||
| 336 |
_atext _btxt _2rdacontent |
||
| 337 |
_abez média _bn _2rdamedia |
||
| 338 |
_azväzok _bnc _2rdacarrier |
||
| 500 | _aObsahuje stručné biografické údaje o autorke na prebale publikácie | ||
| 655 | 7 |
_aslovenské romány _2UKBPH |
|
| 655 | 7 |
_aromány pre ženy _2UKBPH |
|
| 942 |
_2ddc _cKLDO _n0 |
||
| 980 | _aMarenčin PT, spol. s.r.o., Jelenia 6, 811 05 Bratislava 1 | ||
| 999 |
_c22841 _d22841 |
||